000
00323nam a2200121Ia 4500
008
220204s9999 xx 000 0 und d
082
_a
159.9:133
_b
OST
100
_a
Ostrander, Sheila
245
0
_a
Psychic experiences: e.s.p. investigated
260
_a
New York
_b
Sterling
_c
1977
700
_a
Schroeder, Lynn
942
_c
BK
999
_c
31066
_d
31066